| 000 | 00696nam a2200229Ia 4500 | ||
|---|---|---|---|
| 003 | OSt | ||
| 005 | 20221006143406.0 | ||
| 006 | a|||||r|||| 00| 0 | ||
| 007 | ta | ||
| 008 | 221006b |||||||| |||| 00| 0 eng d | ||
| 024 | _a8,838 | ||
| 037 | _cSeries Articles | ||
| 040 |
_aEASL _cEASL _beng |
||
| 041 |
_2eng _aeng |
||
| 245 | 0 | _aEconomic relations between the PRC and the states of Europe Markus Taube | |
| 260 |
_aLondon _bSchool of Oriental & African Studies UK _c2002 |
||
| 300 |
_a78-107 _ccm. |
||
| 500 | _aSpecial Issue on China and Europe since 1978 : A European perspective. | ||
| 650 |
_aChina and Europe _9649772 |
||
| 942 |
_cREF _2CC |
||
| 999 |
_c1076924 _d1076924 |
||